الإنسان الكامل في الإسلام : (Record no. 7039)
[ view plain ]
| 000 -الفاتح | |
|---|---|
| حقل البيانات ثابتة الطول | 00835nac a22002051u 4500 |
| 008 - عناصر البيانات ثابتة الطول - معلومات عامة | |
| حقل البيانات ثابتة الطول | 100810t1976 ua|||||r|||| 001 0dara d |
| 082 ## - رقم تصنيف ديوى العشرى | |
| رقم المادة | ب د و |
| رقم التصنيف | 268 |
| 245 ## - بيان العنوان | |
| العنوان | الإنسان الكامل في الإسلام : |
| بقية العنوان | دراسات و نصوص غير منشورة ألف بينها وترجمها وحققها / |
| بيان المسئوليه,etc | عبد الرحمن بدوي |
| 250 ## - بيان الطبعة | |
| بيان الطبعة | ط 2 |
| 260 ## - PUBLICATION, DISTRIBUTION, ETC. (IMPRINT) | |
| مكان الناشر او الموزع | الكويت : |
| اسم الناشر او الموزع | وكالة المطبوعات ، |
| تاريخ النشر أو التوزيع | 1976 |
| 270 ## - | |
| -- | 27 شارع فهد السالم |
| 300 ## - الوصف المادى | |
| التعداد | 223 ص ؛ |
| أبعاد الوعاء | 24 سم. |
| 490 ## - بيان السلسلة | |
| -- | 16636 |
| عنوان السلسلة | ؛دراسات إسلامية |
| -- | 11 |
| 500 ## - تبصرة عامة | |
| تبصرة عامة | يحتوي على ملاحق |
| 511 ## - | |
| -- | Catalogued by: Sara |
| 541 ## - تبصرة المصدر المباشر للتزويد | |
| مصدر التزويد | ألف باء ؛ |
| طريقة التزويد | شراء ؛ |
| 630 ## - المدخل الاضافى بالموضوع - عنوان موحد | |
| 9 (RLIN) | 16636 |
| عنوان موحد | دراسات إسلامية |
| 650 ## - المدخل الاضافى بالموضوع-مصطلح موضوعى | |
| مصطلح موضوعي أو اسم جغرافي كعنصر مدخل | الإنسان الكامل |
| 9 (RLIN) | 17374 |
| 942 ## - عناصر المدخل الإضافي( كوها) | |
| Koha [default] item type | Book - Borrowing |
| سابقة رقم الطلب | 268ب د و |
| مصدر التصنيف او مخطط الترفيف | Dewey Decimal Classification |
| حالة التراجع | حالة الفقد | مصدر التصنيف او خطة الترفيف | حالة تلف | ليس للاعارة | مجموعات كوها | المكان الدائم | المكان الحالي | موقع الترفيف | تاريخ الاكتساب | Source of acquisition | رقم الاستدعاء | الباركود | Date last seen | نوع الوعاء |
|---|---|---|---|---|---|---|---|---|---|---|---|---|---|---|
| Dewey Decimal Classification | Alef-Baa | Central Library | Central Library | Lower Floor | 10/08/2010 | 268 ب د و | 000008564 | 15/07/2025 | Book - Borrowing |